000 00520nam a2200193 a 4500
005 20140310183525.0
008 110824s19uu xx 00 eng d
020 _a9780205509317
050 _aLB 1028.24
_b.J65 2008
100 _aJohnson, Andrew
245 _aA short guide to action research /
_cAndrew Johnson.
250 _a3rd ed.
260 _aBoston :
_bPearson,
_c2008.
300 _a226 p. :
_bill. ;
_c24 cm.
521 _aEDU
650 _aEducation
_xResearch
942 _cBK
_2lcc
_kFOR
999 _c24487
_d24487